000 01035nam a2200301 a 4500
001 74249
003 BD-RjUL
005 20211209082525.0
008 180416t20162013enka 001|0 eng|d
020 _a9781844037506
_c£20.00
020 _a9789351950448
_c: Rs. 2295.00
035 _a(BD-RjUL)74467
040 _aStDuBDS
_beng
_erda
_cStDuBDS
_dUkOxU
_dBD-RjUL
041 _aeng
082 0 4 _a153.42
_223
_bONE 2016
245 0 0 _a1001 ideas that changed the way we think /
_cgeneral editor, Robert Arp.
246 3 _aOne thousand and one ideas that changed the way we think
246 3 _aThousand and one ideas that changed the way we think
260 _aLondon :
_bCassell Illustrated,
_cc2013 [India reprint 2016]
300 _a960 pages :
_billustrations (colour) ;
_c21 cm
500 _aIncludes index.
650 0 _aThought and thinking.
_9221153
650 0 _aIdea (Philosophy)
_9221154
700 1 _aArp, Robert,
_eeditor.
_9221155
942 _2ddc
_cBK
980 _g1
_f1/3078611
981 _dAgency file oxf2014-41.1
999 _c74249
_d74249